<?xml version="1.0" encoding="UTF-8"?><?xml-stylesheet type="text/xsl" href="static/style.xsl"?><OAI-PMH xmlns="http://www.openarchives.org/OAI/2.0/" xmlns:xsi="http://www.w3.org/2001/XMLSchema-instance" xsi:schemaLocation="http://www.openarchives.org/OAI/2.0/ http://www.openarchives.org/OAI/2.0/OAI-PMH.xsd"><responseDate>2026-06-01T04:38:43Z</responseDate><request verb="GetRecord" identifier="oai:riuma.uma.es:10630/15156" metadataPrefix="marc">https://riuma.uma.es/rest/oai/request</request><GetRecord><record><header><identifier>oai:riuma.uma.es:10630/15156</identifier><datestamp>2026-02-03T10:18:06Z</datestamp><setSpec>com_10630_1685</setSpec><setSpec>col_10630_38085</setSpec></header><metadata><record xmlns="http://www.loc.gov/MARC21/slim" xmlns:dcterms="http://purl.org/dc/terms/" xmlns:doc="http://www.lyncode.com/xoai" xmlns:xsi="http://www.w3.org/2001/XMLSchema-instance" xsi:schemaLocation="http://www.loc.gov/MARC21/slim http://www.loc.gov/standards/marcxml/schema/MARC21slim.xsd">
   <leader>00925njm 22002777a 4500</leader>
   <datafield ind2=" " ind1=" " tag="042">
      <subfield code="a">dc</subfield>
   </datafield>
   <datafield ind2=" " ind1=" " tag="720">
      <subfield code="a">Nadales-Rodríguez, Daniel</subfield>
      <subfield code="e">author</subfield>
   </datafield>
   <datafield ind2=" " ind1=" " tag="260">
      <subfield code="c">2018-02-08</subfield>
   </datafield>
   <datafield ind2=" " ind1=" " tag="520">
      <subfield code="a">1. Introducción. El concepto de producto.&#xd;
2. Las dimensiones del producto.&#xd;
3. Clasificaciones de los productos:&#xd;
1. Productos de consumo&#xd;
2. Productos industriales&#xd;
4. El ciclo de vida de los productos.&#xd;
5. La línea y la gama de productos.&#xd;
6. La creación de nuevos productos.&#xd;
7. El lanzamiento de nuevos productos.&#xd;
8. La marca:&#xd;
1. La función de la marca&#xd;
2. La capacidad motivadora&#xd;
3. La elección del nombre&#xd;
4. Estrategias de marcas&#xd;
5. Otros instrumentos diferenciadores&#xd;
9. El envase.&#xd;
10. La etiqueta.&#xd;
11. Los servicios anejos al producto.&#xd;
12. Decisiones sobre los servicios anejos.</subfield>
   </datafield>
   <datafield ind1="8" ind2=" " tag="024">
      <subfield code="a">https://hdl.handle.net/10630/15156</subfield>
   </datafield>
   <datafield tag="653" ind2=" " ind1=" ">
      <subfield code="a">Productos</subfield>
   </datafield>
   <datafield tag="653" ind2=" " ind1=" ">
      <subfield code="a">Productos - Ciclo de vida</subfield>
   </datafield>
   <datafield tag="653" ind2=" " ind1=" ">
      <subfield code="a">Estrategias de marketing</subfield>
   </datafield>
   <datafield ind2="0" ind1="0" tag="245">
      <subfield code="a">El producto</subfield>
   </datafield>
</record>
</metadata></record></GetRecord></OAI-PMH>